000 02073nam0a2200397 4500
001 RU\NLR\bibl\129396
005 20250617104321.0
010 _a5-7035-2392-3
_9200
021 _aRU
_b2000-39746
_91827
035 _a(NLR Aleph) 000126772
090 _a723181
_c723181
100 _a20001204d2000 |||y0rusy50 ca
101 0 _arus
102 _aRU
105 _aa |||||||||
200 1 _aОптимизация целевых функций предприятий аэрокосмической промышленности в системе природопользования
_eУчеб. пособие к деловой игре
_fВ. В. Журавский, Н. Ю. Недбайло
_gМ-во образования Рос. Федерации, Моск. гос. авиац. ин-т (техн. ун-т)
210 _aМ.
_cИзд-во МАИ
_d2000
215 _a42 с.
_cил.
_d20
320 _aБиблиогр.: с. 40
606 0 _aАэрокосмическая промышленность
_jРуководства, пособия и т.п. для высшей школы
_yРоссийская Федерация
_92187226
_3RU\NLR\auth\661314999
606 0 _aАэрокосмическая промышленность
_jУчебные издания для высшей школы
_yРоссийская Федерация
_92187226
_3RU\NLR\auth\661314999
610 0 _aАэрокосмическая промышленность - Влияние на окружающую среду
610 0 _aДеловые игры на компьютерах
675 _a[504.062.2+629.73.002.001.26]:371.69(075.8)
_v3
_zrus
686 _a87
_2rugasnti
686 _a20.18я73
_2rubbk
686 _aУ30(2)585.152.76я73
700 1 _aЖуравский
_gВладимир Васильевич
_4070
701 1 _aНедбайло
_gНиколай Юрьевич
_4070
801 0 _aRU
_bRKP
_c20001204
_gPSBO
801 1 _aRU
_bRKP
_c20001204
801 2 _aRU
_bNLR
_c20010209
_grcr
852 _aNLR
_j2000-4/9176
942 _cBOOK
980 _aNB